| 000 | 00000cas 2200000zi 4500 |
| 001 | 9.908024 |
| 003 | CaOODSP |
| 005 | 20260127095257 |
| 006 | m o d f |
| 007 | cr cn||||||||| |
| 008 | 220211c20109999oncar p|o f0###a0eng|d |
| 022 | |a2816-6760 |
| 040 | |aCaOODSP|beng|erda|cCaOODSP |
| 043 | |an-cn--- |
| 086 | 1 |aT1-33/2E-PDF |
| 110 | 1 |aCanada. |bTransport Canada, |eauthor, |eissuing body. |
| 222 | 0|aFinancial statements of Transport Canada (unaudited) |
| 245 | 10|aFinancial statements of Transport Canada (unaudited) for the year ended ... |
| 264 | 1|a[Ottawa] : |bTransport Canada, |c2010- |
| 310 | |aAnnual |
| 336 | |atext|2rdacontent |
| 337 | |acomputer|2rdamedia |
| 338 | |aonline resource|2rdacarrier |
| 362 | 1 |aBegan with March 31, 2010. |
| 500 | |aIssued also in French under title: États financiers de Transports Canada (non vérifiés), exercice terminé ... |
| 588 | |aDescription based on: 2010. |
| 588 | |aLatest issue consulted: 2021. |
| 610 | 10|aCanada. |bTransport Canada|xAppropriations and expenditures|vPeriodicals. |
| 650 | 0|aExpenditures, Public|vPeriodicals. |
| 655 | 7|aPeriodicals|2lcgft |
| 775 | 08|tÉtats financiers de Transports Canada (non vérifiés), exercice terminé ...|w(CaOODSP)9.908023 |